| 000 | 00633nam a22001937a 4500 | ||
|---|---|---|---|
| 999 |
_c5767 _d5767 |
||
| 003 | AR-CdUCM | ||
| 008 | 190313b ||||| |||| 00| 0 spa d | ||
| 040 |
_aMUNICIPALIDAD PROVINCIAL DEL CUSCO _cBIBLIOTECA MUNICIPAL DEL CUSCO |
||
| 082 |
_a100 / _bV21 |
||
| 100 |
_aValenzuela Zea, Waldo _96810 |
||
| 245 |
_aLa Filosofía en la Tricentenaria UNSAAC : _bFilosofía Andina ; |
||
| 260 |
_aCusco - Perú : _bEcoPrint ; _c2016. |
||
| 300 |
_a271 páginas ; _c21cm |
||
| 505 | _aContenido: Filosofía Andina | ||
| 650 |
_aCorrientes filosóficas _917144 |
||
| 650 |
_aFilosofía andina _911655 |
||
| 942 |
_2ddc _cLIBROS |
||
| 945 | _anom | ||